banner-ar

ابتسم للدنيا / (Record no. 40844)

MARC details
000 -الفاتح
حقل البيانات ثابتة الطول 00465nam a2200181Ia 4500
008 - عناصر البيانات ثابتة الطول - معلومات عامة
حقل البيانات ثابتة الطول 140319s9999 xx 000 0 ara d
040 ## - مصدر الفهرسة
وكالة الفهرسة الأصلية GCL /
وكالة النسخ GCL
082 04 - رقم تصنيف ديوى العشرى
رقم التصنيف 817
رقم المادة م ا
100 1# - المدخل الرئيسى - إسم شخصى
الإسم الشخصى محمد عفيفى
245 10 - بيان العنوان
العنوان ابتسم للدنيا /
بيان المسئوليه,etc محمد عفيفى
300 ## - الوصف المادى
التعداد 156 ص
490 ## - بيان السلسلة
عنوان السلسلة كتاب اليوم
رقم المجلد/ التعيين التسلسلي 0
650 04 - المدخل الاضافى بالموضوع-مصطلح موضوعى
مصطلح موضوعي الادب العربى
650 04 - المدخل الاضافى بالموضوع-مصطلح موضوعى
مصطلح موضوعي الادب
650 04 - المدخل الاضافى بالموضوع-مصطلح موضوعى
مصطلح موضوعي الفكاهات
942 ## - عناصر المدخل الإضافي( كوها)
مصدر التصنيف او مخطط الترفيف Dewey Decimal Classification
Koha [default] item type كتاب
Holdings
حالة التراجع حالة الفقد حالة تلف ليس للاعارة المكان المؤقت الموقع الحالى تاريخ الاكتساب اجمالي اﻻعارات رقم الطلب الباركود تاريخ اخر مشاهدة تاريخ تفعيل السعر نوع وعاء كوها
        مكتبة القاهرة الكبرى مكتبة القاهرة الكبرى 03/26/2014   817\م ا 98611 03/26/2014 03/26/2014 كتاب

Powered By

EGPV